Maddie Ziegler Solos Quiz Stats

 Plays Quiz not verified by Sporcle

Also try: Making Names
Challenge
Share
Tweet
Embed
Score 0/70 Timer 08:00
0 Plays Today
Solo Title % Correct
Cry
96.7%
Angel
74.5%
Manhattan
59.5%
Disappear
57.1%
Universe
56.4%
The Hostage
56.4%
Lights, Camera, Action!
56.3%
Beautiful
56%
In My Heart
55.8%
Birthday
55.6%
Lizzie Borden
54.1%
Lizzie Borden
54.1%
Bond Girl
51%
Happiness
50.1%
Reflections
49.9%
Looking For a Place Called Home
46%
Hellen Keller
45.8%
Maddie
45.8%
Rockabilly Girl
45.7%
Timeless
45.4%
Maestro Man
45.3%
Amazing Grace
45.3%
Every Little Step
43.9%
The Girl I Wanna Be
43.7%
Quiet Voices
43.6%
Fool Me Once
43.1%
Showing You My Heart
42.3%
Telling Myself
42.1%
Uphill Battle
41.7%
Mom, It'll Never Be the Same
40.9%
Be Anything
40.8%
The Entertainer
40.5%
All God's Creatures
40.3%
All God's Creatures
40.3%
I Can't Find the Words
40.1%
Solo Title % Correct
Quicksand
40.1%
The Game of Love
40.1%
I'm Already There
40%
Piece of My Heart
39.7%
The People's Choice
39%
Come To the Cabaret
38.2%
Lifeline
38%
The Woods
37.7%
Ballerina
37.5%
The Mannequin
37.5%
You and Me Against the World
37.4%
You Don't Know Me
37.1%
Breaking Down Walls
36.9%
This Is Me Over You
36.8%
Don't Leave Me
36.5%
You Go-Go Girl
36.4%
All My Life
36.1%
Snow White
35.5%
Vertigo
35.5%
I'm Trying
35.3%
Down My Spine
34.9%
Golden Girl
34.5%
The Judgement
34%
Start of the Show
32.2%
They'll Never Change
31.6%
Hold on
31.6%
Loose Cannon
31.5%
She's History
31.2%
Airmail Special
30.5%
Dreams Come True
30.5%
I'm on My Way
27.9%
Drowning
27.9%
Something Special
24.8%
A Dancer Is Born
24.4%
Oscar, Emmy, Tony, Maddie
21.9%

You're not logged in!

Compare scores with friends on all Sporcle quizzes.
Join for Free
OR
Log In

You Might Also Like...

Show Comments

Extras

Top Quizzes Today


Score Distribution

Your Account Isn't Verified!

In order to create a playlist on Sporcle, you need to verify the email address you used during registration. Go to your Sporcle Settings to finish the process.

Report this User

Report this user for behavior that violates our Community Guidelines.

Details: